<?xml version="1.0" encoding="UTF-8"?>
<collection xmlns="http://www.loc.gov/MARC21/slim">
 <record>
  <leader>02685nam a2200421 a 4500</leader>
  <controlfield tag="001">13363</controlfield>
  <controlfield tag="003">BD-DhAAL</controlfield>
  <controlfield tag="008">090823r20042000nyua     b    000 0 eng d</controlfield>
  <datafield tag="010" ind1=" " ind2=" ">
   <subfield code="a">   85018872 </subfield>
  </datafield>
  <datafield tag="020" ind1=" " ind2=" ">
   <subfield code="a">0195670159</subfield>
  </datafield>
  <datafield tag="020" ind1=" " ind2=" ">
   <subfield code="a">019434133X (pbk.)</subfield>
  </datafield>
  <datafield tag="020" ind1=" " ind2=" ">
   <subfield code="a">9780194355742</subfield>
  </datafield>
  <datafield tag="040" ind1=" " ind2=" ">
   <subfield code="a">DLC</subfield>
   <subfield code="c">DLC</subfield>
   <subfield code="d">DLC</subfield>
   <subfield code="d">BD-DhAAL</subfield>
  </datafield>
  <datafield tag="082" ind1="0" ind2="0">
   <subfield code="a">428.007</subfield>
  </datafield>
  <datafield tag="100" ind1="2" ind2=" ">
   <subfield code="a">Larsen-Freeman, Diane.</subfield>
   <subfield code="9">34150</subfield>
  </datafield>
  <datafield tag="245" ind1="1" ind2="0">
   <subfield code="a">Techniques and principles in language teaching /</subfield>
   <subfield code="c">Diane Larsen-Freeman.</subfield>
  </datafield>
  <datafield tag="250" ind1=" " ind2=" ">
   <subfield code="a">Second edition.</subfield>
  </datafield>
  <datafield tag="260" ind1=" " ind2=" ">
   <subfield code="a">New York, N.Y., USA :</subfield>
   <subfield code="b">Oxford University Press,</subfield>
   <subfield code="c">2000 [reprinted 2004].</subfield>
  </datafield>
  <datafield tag="300" ind1=" " ind2=" ">
   <subfield code="a">xv, 189 pages :</subfield>
   <subfield code="b">illustrations ;</subfield>
   <subfield code="c">23 cm</subfield>
  </datafield>
  <datafield tag="490" ind1="0" ind2=" ">
   <subfield code="a">Teaching techniques in English as a second language</subfield>
  </datafield>
  <datafield tag="500" ind1=" " ind2=" ">
   <subfield code="a">Indian edition.</subfield>
  </datafield>
  <datafield tag="504" ind1=" " ind2=" ">
   <subfield code="a">Includes bibliographical references.</subfield>
  </datafield>
  <datafield tag="526" ind1=" " ind2=" ">
   <subfield code="a">BIED</subfield>
  </datafield>
  <datafield tag="541" ind1="1" ind2=" ">
   <subfield code="a">Complimentary copy from BIED (35331)</subfield>
   <subfield code="e">13363, 13364, 13365, 13385, 13386, 19373, 35331</subfield>
  </datafield>
  <datafield tag="650" ind1=" " ind2="0">
   <subfield code="a">English language</subfield>
   <subfield code="x">Study and teaching</subfield>
   <subfield code="x">Foreign speakers.</subfield>
  </datafield>
  <datafield tag="700" ind1=" " ind2=" ">
   <subfield code="a">Campbell, Russell N.,</subfield>
   <subfield code="e">series editior.</subfield>
   <subfield code="9">57296</subfield>
  </datafield>
  <datafield tag="700" ind1=" " ind2=" ">
   <subfield code="a">Rutherford, William E.,</subfield>
   <subfield code="e">series editor.</subfield>
   <subfield code="9">57297</subfield>
  </datafield>
  <datafield tag="830" ind1=" " ind2=" ">
   <subfield code="a">Teaching techniques in English as a second language</subfield>
   <subfield code="9">57298</subfield>
  </datafield>
  <datafield tag="852" ind1="4" ind2=" ">
   <subfield code="a">Ayesha Abed Library</subfield>
   <subfield code="c">General Stacks</subfield>
  </datafield>
  <datafield tag="942" ind1=" " ind2=" ">
   <subfield code="2">ddc</subfield>
   <subfield code="c">BK</subfield>
  </datafield>
  <datafield tag="999" ind1=" " ind2=" ">
   <subfield code="c">3341</subfield>
   <subfield code="d">3341</subfield>
  </datafield>
  <datafield tag="952" ind1=" " ind2=" ">
   <subfield code="0">0</subfield>
   <subfield code="1">0</subfield>
   <subfield code="2">ddc</subfield>
   <subfield code="4">0</subfield>
   <subfield code="6">428_007000000000000_LAR</subfield>
   <subfield code="7">0</subfield>
   <subfield code="9">3032</subfield>
   <subfield code="a">BRACUL</subfield>
   <subfield code="b">BRACUL</subfield>
   <subfield code="c">GEN</subfield>
   <subfield code="d">2009-08-31</subfield>
   <subfield code="g">225.00</subfield>
   <subfield code="l">15</subfield>
   <subfield code="m">99</subfield>
   <subfield code="o">428.007 LAR</subfield>
   <subfield code="p">3010013386</subfield>
   <subfield code="r">2026-04-19</subfield>
   <subfield code="s">2026-02-01</subfield>
   <subfield code="t">5</subfield>
   <subfield code="v">450.00</subfield>
   <subfield code="w">2009-08-31</subfield>
   <subfield code="y">BK</subfield>
  </datafield>
  <datafield tag="952" ind1=" " ind2=" ">
   <subfield code="0">0</subfield>
   <subfield code="1">0</subfield>
   <subfield code="2">ddc</subfield>
   <subfield code="4">1</subfield>
   <subfield code="6">428_007000000000000_LAR_2004</subfield>
   <subfield code="7">0</subfield>
   <subfield code="9">4357</subfield>
   <subfield code="a">ENH</subfield>
   <subfield code="b">ENH</subfield>
   <subfield code="d">2009-10-15</subfield>
   <subfield code="l">1</subfield>
   <subfield code="o">428.007 LAR</subfield>
   <subfield code="p">3010019373</subfield>
   <subfield code="r">2014-05-14</subfield>
   <subfield code="s">2013-02-18</subfield>
   <subfield code="t">6</subfield>
   <subfield code="w">2009-10-15</subfield>
   <subfield code="y">BK</subfield>
   <subfield code="x">Departmental-issued damaged books were found in the ENH department for the reason of termites eaten in 2016</subfield>
  </datafield>
  <datafield tag="952" ind1=" " ind2=" ">
   <subfield code="0">0</subfield>
   <subfield code="1">0</subfield>
   <subfield code="2">ddc</subfield>
   <subfield code="4">0</subfield>
   <subfield code="6">428_007000000000000_LAR</subfield>
   <subfield code="7">0</subfield>
   <subfield code="9">8787</subfield>
   <subfield code="a">BRACUL</subfield>
   <subfield code="b">BRACUL</subfield>
   <subfield code="c">GEN</subfield>
   <subfield code="d">2010-03-24</subfield>
   <subfield code="g">225.00</subfield>
   <subfield code="l">15</subfield>
   <subfield code="m">86</subfield>
   <subfield code="o">428.007 LAR</subfield>
   <subfield code="p">3010013364</subfield>
   <subfield code="r">2026-05-18</subfield>
   <subfield code="s">2026-03-02</subfield>
   <subfield code="t">2</subfield>
   <subfield code="w">2010-03-24</subfield>
   <subfield code="y">BK</subfield>
  </datafield>
  <datafield tag="952" ind1=" " ind2=" ">
   <subfield code="0">0</subfield>
   <subfield code="1">0</subfield>
   <subfield code="2">ddc</subfield>
   <subfield code="4">0</subfield>
   <subfield code="6">428_007000000000000_LAR</subfield>
   <subfield code="7">0</subfield>
   <subfield code="9">8929</subfield>
   <subfield code="a">BRACUL</subfield>
   <subfield code="b">BRACUL</subfield>
   <subfield code="c">GEN</subfield>
   <subfield code="d">2010-04-04</subfield>
   <subfield code="g">225.00</subfield>
   <subfield code="l">14</subfield>
   <subfield code="m">81</subfield>
   <subfield code="o">428.007 LAR</subfield>
   <subfield code="p">3010013365</subfield>
   <subfield code="r">2026-05-15</subfield>
   <subfield code="s">2026-02-01</subfield>
   <subfield code="t">3</subfield>
   <subfield code="w">2010-04-04</subfield>
   <subfield code="y">BK</subfield>
  </datafield>
  <datafield tag="952" ind1=" " ind2=" ">
   <subfield code="0">0</subfield>
   <subfield code="1">0</subfield>
   <subfield code="2">ddc</subfield>
   <subfield code="4">0</subfield>
   <subfield code="6">428_007000000000000_LAR</subfield>
   <subfield code="7">0</subfield>
   <subfield code="9">9772</subfield>
   <subfield code="a">BRACUL</subfield>
   <subfield code="b">BRACUL</subfield>
   <subfield code="c">GEN</subfield>
   <subfield code="d">2010-05-05</subfield>
   <subfield code="g">225.00</subfield>
   <subfield code="l">18</subfield>
   <subfield code="m">102</subfield>
   <subfield code="o">428.007 LAR</subfield>
   <subfield code="p">3010013385</subfield>
   <subfield code="r">2026-04-19</subfield>
   <subfield code="s">2026-01-29</subfield>
   <subfield code="t">4</subfield>
   <subfield code="w">2010-05-05</subfield>
   <subfield code="y">BK</subfield>
  </datafield>
  <datafield tag="952" ind1=" " ind2=" ">
   <subfield code="0">0</subfield>
   <subfield code="1">0</subfield>
   <subfield code="2">ddc</subfield>
   <subfield code="4">0</subfield>
   <subfield code="6">428_007000000000000_LAR</subfield>
   <subfield code="7">0</subfield>
   <subfield code="9">9773</subfield>
   <subfield code="a">BRACUL</subfield>
   <subfield code="b">BRACUL</subfield>
   <subfield code="c">GEN</subfield>
   <subfield code="d">2010-05-05</subfield>
   <subfield code="g">225.00</subfield>
   <subfield code="l">11</subfield>
   <subfield code="m">54</subfield>
   <subfield code="o">428.007 LAR</subfield>
   <subfield code="p">3010013363</subfield>
   <subfield code="r">2026-02-22</subfield>
   <subfield code="s">2026-02-18</subfield>
   <subfield code="t">1</subfield>
   <subfield code="w">2010-05-05</subfield>
   <subfield code="y">BK</subfield>
  </datafield>
  <datafield tag="952" ind1=" " ind2=" ">
   <subfield code="0">0</subfield>
   <subfield code="1">0</subfield>
   <subfield code="2">ddc</subfield>
   <subfield code="4">0</subfield>
   <subfield code="6">428_007000000000000_LAR</subfield>
   <subfield code="7">0</subfield>
   <subfield code="9">66170</subfield>
   <subfield code="a">BRACUL</subfield>
   <subfield code="b">BRACUL</subfield>
   <subfield code="c">GEN</subfield>
   <subfield code="d">2019-09-08</subfield>
   <subfield code="e">Complimentary copy from BIED</subfield>
   <subfield code="l">3</subfield>
   <subfield code="m">48</subfield>
   <subfield code="o">428.007 LAR</subfield>
   <subfield code="p">3010035331</subfield>
   <subfield code="r">2026-05-19</subfield>
   <subfield code="s">2026-01-19</subfield>
   <subfield code="t">7</subfield>
   <subfield code="w">2019-09-08</subfield>
   <subfield code="y">BK</subfield>
   <subfield code="x">Transferred from BIED to General Stacks</subfield>
  </datafield>
 </record>
</collection>
